| 000 | 00688nam a2200205Ia 4500 | ||
|---|---|---|---|
| 005 | 20250425162816.0 | ||
| 008 | 250425s9999 xx 000 0 und d | ||
| 020 | _a9788499611068 | ||
| 082 |
_a621.384 _pHER |
||
| 100 | _aHernando Rábanos, José María | ||
| 245 | 0 |
_aTransmisión por radio _cJosé María Hernando Rábanos, José Manuel Riera Salís y Luis Mendo Tomás |
|
| 260 |
_aMadrid _bEditorial Universitaria Ramón Areces _c2019 |
||
| 300 |
_a624 p. _bgráficos _c24 cm. |
||
| 500 | _aIncluye índice | ||
| 504 | _aContiene bibliografía | ||
| 650 | _aTransmisión por radio | ||
| 700 | _aRiera Salís, José Mendo; Mendo Tomás, Luis | ||
| 942 | _c01 | ||
| 010 | _a109407 | ||
| 999 |
_c236851 _d236851 |
||